000 00357cam a22001575a 4500
001 L145990
008 081128s xxk f 000 0 eng d
020 _a9781857511185
035 _a(Sirsi) u145990
041 0 _aeng
110 2 _aConstruction skills
_95689
245 0 0 _aAsbestos Alert
350 _a£99.00
651 4 _aENGLAND AND WALES
942 _n0
999 _c109007
_d109007